000 00305nam a2200121Ia 4500
008 240731s9999 xx 000 0 und d
022 _a0974-7338
245 0 _aIETE Journal of Education
260 _bTaylor & Francis
856 _uhttps://www.tandfonline.com/loi/tije20
942 _2ddc
942 _cTFEJ
999 _c76898
_d76898
945 _a1
_bMadushi Gamage
_c1
_dMadushi Gamage